000
00331nam a2200133Ia 4500
008
231229s2022 xx 000 0 und d
041
_a
eng
082
_a
347.4206
_b
LAL
100
_a
LAL (Batuk)
245
_a
Law of Evidence.
250
_a
23rd
260
_a
Allahabad
_b
Central Law Agency Allahabad
_c
2022
300
_a
vii, 717
999
_c
1126457
_d
1126457